Quizzes
Events
Quiz Creation
Community
Videos
Private Events
Remove Ads
Sign In
Join for FREE
Feedback
Dark Mode
Quiz Categories
Sports
Geography
Music
Movies
Television
Just For Fun
Miscellaneous
History
Literature
Language
Science
Gaming
Entertainment
Religion
Holiday
For Kids
Quiz Lab
Recent
Popular Today
Quiz Kudos Today
Editor Picks
Curator Picks
Quizzes by...
Day
Popularity
Type
Ratings
Length
Year
Community
Subscriptions
Recent Discussions
Orange Saloon
Badges
Playlists
Quests
Create
Leaderboards
Showdown
Live 5
Trivia Bingo
Activity
Puzzle Library
Sporcle Events
Private Events
Virtual Trivia
Globe League
Become a Host
Pub Owners
SporcleCon
Opinionation
Our Games
Videos
Blog
Mobile Apps
Partnerships
Remove Ads and Go Orange
Feedback
Movies
Disney
Marvel Cinematic Universe
Movie Resume
Movie Titles
Oscar
Actor
Actress
Director
Pixar
Role
Movie Quotes
Movie Characters
Box Office
Nominee
Best Picture
Star Wars
James Bond
Horror Movies
Movies
Disney
Marvel Cinematic Universe
Movie Resume
Movie Titles
Oscar
Actor
Actress
Director
Pixar
Role
Movie Quotes
Movie Characters
Box Office
Nominee
Best Picture
Star Wars
James Bond
Horror Movies
Random Quiz
Search Sporcle
×
Quiz Lab
Quiz Lab
Movies
Actor
Select answers by clicking on text or image buttons
Select answers by clicking on text or image buttons
Clickable
Best Score? Go Orange.
Gary Oldman Movie By Cast Stats
Can you pick the correct Gary Oldman movie by his three cast members?
By
RiverDisc
7m
48 Questions
54 Plays
54 Plays
54 Plays
Comments
Comments
Give Quiz Kudos
Give Quiz Kudos
-
- Ratings
hide this ad
Forced Order
Answers have to be entered in order
Answers have to be entered in order
Replay
Link that replays current quiz
Next Quiz
Link to next quiz in quiz playlist
You Got
0%
They Got
Avg Score
44%
Avg Friend Score
Upgrade to see
Score Distribution
Jump to the score distribution portion of the page
Score
0/48
Timer
07:00
0
Plays Today
% Correct
Leon: The Professional
79.6%
Batman Begins
75.9%
The Fifth Element
72.2%
Air Force One
72.2%
The Dark Knight
72.2%
Harry Potter and the Goblet of Fire
70.4%
The Book of Eli
70.4%
The Dark Knight Rises
70.4%
Harry Potter and the Prisoner of Azkaban
66.7%
Kung Fu Panda 2
66.7%
Tinker Tailor Soldier Spy
66.7%
Bram Stoker's Dracula
61.1%
True Romance
61.1%
Hannibal
61.1%
Lost in Space
59.3%
The Scarlet Letter
55.6%
Harry Potter and the Deathly Hallows Part 2
55.6%
Dawn of the Planet of the Apes
55.6%
JFK
53.7%
Lawless
53.7%
A Christmas Carol
51.9%
Red Riding Hood
48.1%
Basquiat
46.3%
Harry Potter and the Order of the Phoenix
46.3%
% Correct
RoboCop
46.3%
Resencrantz & Guildenstern Are Dead
44.4%
The Contender
42.6%
Henry & June
35.2%
Murder in the First
35.2%
Planet 51
35.2%
Immortal Beloved
33.3%
Quest For Camelot
33.3%
Paranoia
33.3%
Sid and Nancy
31.5%
State of Grace
31.5%
Child 44
31.5%
Romeo Is Bleeding
29.6%
Prick Up the Pieces
24.1%
Rain Fall
20.4%
Criminal Law
18.5%
The Unborn
18.5%
Criminal
14.8%
Man Down
14.8%
Track 29
13%
Chattahoochee
13%
The Backwoods
13%
Remembrance
9.3%
We Think the World of You
9.3%
Quiz Playlist
Details
Report
Send in Message
Add To Playlist
Clickable:
Select answers by clicking on text or image buttons
Forced Order:
Answers have to be entered in order
Last Updated: Feb 16, 2017
Quiz Scoreboard
CHALLENGE
Sign Up to Join the Scoreboard
Show All
Scores
Hide
Comments
May contain spoilers
Recently Published
Presidents Visiting Landmarks
by Hejman
History
7m
An Introduction to Baseball
by treessimontrees
Sports
5m
Movies - When Are They Set?
by FPL_Elf
Movies
5m
More to Explore
Quiz From the Vault
Featured Blog Post
Where Did the Easter Bunny Come From?
hide this ad
You Might Also Like...
Tags
Actor Quiz
Actress Quiz
Cast Quiz
co-actor
co-star
Gary Oldman
Liverpool
Matching
Movie Cast
Today's Top Quizzes in Movies
Browse Movies
hide this ad
Today's Top Quizzes in Actor
Browse Actor
Top Contributed Quizzes in Movies
1
Pick 5 Posters: Directed by Spielberg
2
7-to-1: Pixar Characters
3
Pick 5 Posters: Lowest-Rated Spielberg
4
Pick 5 Posters: Directed by Scorsese
5
Sorting Actors
6
Sorting Actresses
7
Pick 5 Posters: Star & Director
8
Pick 5 Posters: Women Directed 2020s
9
12 Movies about Fictional 1960s Events
10
Multi-Oscar Nominations, One Movie, One Winner
Explore More
Trending Topics
Crossword
Harry Potter
NBA
Kpop
Anime
Marvel
Disney
WWE
Soccer
Country
Pokémon
Song
Puzzle
The Office
NFL
hide this ad
More By:
RiverDisc
Quiz
Plays
Rating
Category
Featured
Created
Tom Cruise Movie By Cast
1,932
4.41
Movies
May 23, 2016
Sci-Fi Movie by Robot
1,043
2.45
Movies
Feb 24, 2016
Bond Villain By Quote
826
4.67
Movies
Jul 19, 2016
Indiana Jones Movie by Location
423
4.50
Movies
Mar 1, 2016
Disney Movie by Celebrity Voice
332
5.00
Movies
Jun 9, 2016
Go to Creator's Profile
Score Distribution
Quiz Creator Spotlight
RiverDisc
Follow
Send a Message
Quizzes Created
-
Created Quiz Play Count
-
More By This Creator
Popular Quizzes Today
1
Find the US States - No Outlines Minefield
2
Find the Countries of Europe - No Outlines Minefield
3
The Countries of the World
4
Find the US States
5
Popular People in 1961
6
US States
7
Risky Map Clicking: Biggest States A-Z
8
Movies - When Are They Set?
More Movies Quizzes
Name the Directors
Editor's Pick
Trending Quizzes
Risky Map Clicking: Least Populous States A-Z
1-10 Letter G Words
1-10 Letter F Words
Risky Map Clicking: Next State Alphabetically
Risky Map Clicking: Biggest States A-Z
Recently Updated
Leaping Animals
pecheneg
Reality TV Shows (A-Z)
bhenderson79
Rickey Henderson's Hall of Fame Teammates
pecheneg
Champions League XIs: Arsenal
pecheneg
Quick Pick: Celebrities in WWE's Hall of Fame
aduchscher
A-Z Keypad Blitz II
pecheneg
Multiple Oscar Actors
pecheneg
Mystery Phrase Blitz: Oscar 'Best Actors'
pecheneg
F. Scott Fitzgerald Novels
LTH
Pick 3 Villains
ddd62291
Trending Topics
Marvel
Anime
NBA
Harry Potter
Kpop
Disney
Crossword
Puzzle
WWE
Country
The Office
Soccer
NFL
Song
Pokémon
Your Account Isn't Verified!
In order to create a playlist on Sporcle, you need to verify the email address you used during registration. Go to your
Sporcle Settings
to finish the process.
Report this User
Report this user for behavior that violates our
Community Guidelines
.
Details:
Send Report
Go to the Sporcle.com Mobile Site →
Comments